000 00528nam a2200229Ia 4500
005 20230228114522.0
008 230125s9999 xx 000 0 und d
020 _a9788130918723
041 _aeng
082 _a823
_bBLO
100 _aBloom H
_9118361
245 _aAs You Like It
250 _a1st Ed.
260 _c2011
_bViva Books
_aNew Delhi
300 _a237p
500 _aEnglish Literature
650 _aEnglish Literature
700 _aBloom H
_9118361
906 _b54.6
942 _cBK
999 _c96400
_d96400